000 00320pab a2200145 454500
008 180718b1988 xxu||||| |||| 00| 0 eng d
100 _aRangaraju, K.
245 _aHuman rights in perspective
260 _c1988
300 _a7-8
362 _a25 Dec.
650 _aCivil Liberties
773 _aJanata
909 _a5636
999 _c5636
_d5636